FABRIC SCIENCE (Record no. 13534)
[ view plain ]
| 000 -LEADER | |
|---|---|
| fixed length control field | 00269nam a22001337a 4500 |
| 003 - CONTROL NUMBER IDENTIFIER | |
| control field | SGT |
| 082 ## - DEWEY DECIMAL CLASSIFICATION NUMBER | |
| Classification number | 746.92 |
| Item number | PIZ |
| 100 ## - MAIN ENTRY--PERSONAL NAME | |
| Personal name | PIZZUTO, JOSEPH J. |
| 245 ## - TITLE STATEMENT | |
| Title | FABRIC SCIENCE |
| 250 ## - EDITION STATEMENT | |
| Edition statement | 5TH |
| 260 ## - PUBLICATION, DISTRIBUTION, ETC. (IMPRINT) | |
| Name of publisher, distributor, etc | FAIRCHILD PUB. |
| Year of Publication | 1993 |
| 300 ## - PAGE DESCRIPTION | |
| No. of Pages | 388 |
| 942 ## - ADDED ENTRY ELEMENTS (KOHA) | |
| Source of classification or shelving scheme | Dewey Decimal Classification |
| Koha item type | Books |
| 942 ## - ADDED ENTRY ELEMENTS (KOHA) | |
| -- | 2 |
| Withdrawn status | Lost status | Source of classification or shelving scheme | Damaged status | Not for loan | Home library | Current library | Shelving location | Date acquired | Vendor Name | SGTU | Total Checkouts | Full call number | Accession No. (Barcode) | Date last seen | Date last borrowed | Bill Date | Koha item type |
|---|---|---|---|---|---|---|---|---|---|---|---|---|---|---|---|---|---|
| Dewey Decimal Classification | SGT Science & Social Sciences Library | SGT Science & Social Sciences Library | Text Book | 20/09/2017 | SUMSAC INT. DELHI | SGTU | 2 | 746.92 PIZ | FF511 | 06/02/2023 | 13/01/2023 | 20/09/2017 | Books | ||||
| Dewey Decimal Classification | SGT Science & Social Sciences Library | SGT Science & Social Sciences Library | Text Book | 20/09/2017 | SUMSAC INT. DELHI | SGTU | 746.92 PIZ | FF512 | 20/09/2017 | 20/09/2017 | Books | ||||||
| Dewey Decimal Classification | SGT Science & Social Sciences Library | SGT Science & Social Sciences Library | Text Book | 20/09/2017 | SUMSAC INT. DELHI | SGTU | 746.92 PIZ | FF513 | 20/09/2017 | 20/09/2017 | Books |